| 000 | 00492nam a2200157 a 4500 | ||
|---|---|---|---|
| 001 | 000029942 | ||
| 005 | 20200930055927.0 | ||
| 008 | 110427s1986 dr a 000 0 spa d | ||
| 040 |
_aDO-SdBNP _bspa _cBNPHU |
||
| 082 |
_axxx _bM839m |
||
| 100 | 1 |
_aMorel, Edmundo _956148 |
|
| 245 | 1 | 0 |
_aMetodología para la formación de la conciencia crítica : _bdimensión política / _cEdmundo Morel. |
| 260 |
_aSanto Domingo : _bCentro Poveda, _c1986. |
||
| 300 |
_a24 p. : _bil. ; _c15 cm. |
||
| 049 | _aBNPD | ||
| 999 |
_c29434 _d29434 |
||